Viscoelastic properties of silica filled natural rubber and ethylene vinyl acetate copolymer blend (Record no. 72201)

MARC details
000 -LEADER
fixed length control field 00438nam a2200145Ia 4500
100 ## - MAIN ENTRY--AUTHOR NAME
Personal name Koshy A T
245 #0 - TITLE STATEMENT
Title Viscoelastic properties of silica filled natural rubber and ethylene vinyl acetate copolymer blend
260 ## - PUBLICATION, DISTRIBUTION, ETC. (IMPRINT)
Name of publisher Polymer Plastics Technology and Engineering
Year of publication 1994
300 ## - PHYSICAL DESCRIPTION
Number of Pages 161-171
700 ## - ADDED ENTRY--PERSONAL NAME
Personal name Kuriakose B
700 ## - ADDED ENTRY--PERSONAL NAME
Personal name Thomas S
700 ## - ADDED ENTRY--PERSONAL NAME
Personal name Varghese S
942 ## - ADDED ENTRY ELEMENTS (KOHA)
Koha item type Journals
Holdings
Withdrawn status Lost status Damaged status Not for loan Home library Current library Date acquired Serial Enumeration / chronology Koha item type
      Journals RRII Library RRII Library 17/12/2021 Volume 33, Issue 2 Journals